Essential mathematics
| Main Author: | |
|---|---|
| Other Authors: | |
| Format: | Book |
| Published: |
Boston :
Addison-Wesley ,
2002
|
| Subjects: |
MARC
| LEADER | 00000cam a2200000 7i4500 | ||
|---|---|---|---|
| 001 | 0000011074 | ||
| 005 | 20050423.0 | ||
| 020 | |a 0201750686 | ||
| 040 | |a INS | ||
| 090 | 0 | 0 | |a QA37.2. |b M55 2002 |
| 100 | 1 | |a Lial, Margaret L. | |
| 245 | 1 | 0 | |a Essential mathematics |c Margaret L. Lial |
| 260 | |a Boston : |b Addison-Wesley , |c 2002 | ||
| 300 | |a Valioue paging : |b 27cm | ||
| 650 | 0 | 0 | |a Mathematics |
| 700 | 1 | |a Salzman, Stanley A. | |
| 999 | |a 0000010655 |b BOOK |c Red Spot |e Default branch | ||